Cuentame cuentos en LSC : (Registro nro. 5963)

000 -CABECERA
campo de control de longitud fija 01311nkm a2200301 a 4500
001 - NÚMERO DE CONTROL
campo de control 000056624
005 - FECHA Y HORA DE LA ÚLTIMA TRANSACCIÓN
campo de control 20200120223305.0
007 - CAMPO FIJO DE DESCRIPCIÓN FÍSICA--INFORMACIÓN GENERAL
campo de control de longitud fija vducgaiz
008 - DATOS DE LONGITUD FIJA--INFORMACIÓN GENERAL
campo de control de longitud fija 130618m2012 ck nnn fs00 knspa d
041 ## - CÓDIGO DE LENGUA
Código de lengua del texto/banda sonora o título independiente "spa
090 ## - LOCALMENTE ASIGNADO TIPO-LC NÚMERO DE CLASIFICACIÓN (OCLC); NÚMERO DE CLASIFICACIÓN LOCAL (RLIN)
Número de clasificación (OCLC) (R) ; Numero de clasificación, CALL (RLIN) (NR) C
Número cutter local (OCLC) ; Número de libro/Signatura topográfica íntegra, CALL (RLIN) KAScu
100 ## - ENTRADA PRINCIPAL--NOMBRE DE PERSONA
Nombre de persona Kasza, Keiko
245 10 - MENCIÓN DE TÍTULO
Título Cuentame cuentos en LSC :
Resto del título una experiencia desde el PEBBI.
260 ## - PUBLICACIÓN, DISTRIBUCIÓN, ETC.
Lugar de publicación, distribución, etc. Bogotá :
Nombre del editor, distribuidor, etc. Contacto,
Fecha de publicación, distribución, etc. 2012.
300 ## - DESCRIPCIÓN FÍSICA
Extensión 2 DVD.
490 ## - MENCIÓN DE SERIE
Mención de serie Desarrollando competencias del lenguaje.
505 ## - NOTA DE CONTENIDO CON FORMATO
Información miscelánea v.1
Título El estofado del lobo, Sapo tiene miedo, el origen de la miel, el más poderoso, el túnel, el día de campo de Don Chancho
505 ## - NOTA DE CONTENIDO CON FORMATO
Información miscelánea v.2
Título Los secretos del abuelo sapo, mi día de suerte, el sol y la luna, disculpe, ¿es usted una bruja?, Rumpelstiltskin, sapo es sapo
505 ## - NOTA DE CONTENIDO CON FORMATO
Información miscelánea v.3
Título El gato con botas, Cenicienta, Caperucita roja
505 ## - NOTA DE CONTENIDO CON FORMATO
Información miscelánea v.4
Título La sirenita, Juan y los fríjoles mágicos, la bella y la bestia
505 ## - NOTA DE CONTENIDO CON FORMATO
Información miscelánea v.5
Título Los tres cerditos, pinocho, los músicos de Bremen
505 ## - NOTA DE CONTENIDO CON FORMATO
Información miscelánea v.6
Título El soldadito de plomo, pulgarcito, Blancanieves y los siete enanitos
650 14 - PUNTO DE ACCESO ADICIONAL DE MATERIA--TÉRMINO DE MATERIA
Término de materia o nombre geográfico como elemento de entrada Literatura infantil
Subdivisión de forma videodiscos.
650 24 - PUNTO DE ACCESO ADICIONAL DE MATERIA--TÉRMINO DE MATERIA
Término de materia o nombre geográfico como elemento de entrada Animales en la literatura.
Subdivisión de forma videodiscos.
650 24 - PUNTO DE ACCESO ADICIONAL DE MATERIA--TÉRMINO DE MATERIA
Término de materia o nombre geográfico como elemento de entrada Cuento infantil
Subdivisión de forma videodiscos.
650 24 - PUNTO DE ACCESO ADICIONAL DE MATERIA--TÉRMINO DE MATERIA
Término de materia o nombre geográfico como elemento de entrada Fábulas.
Subdivisión de forma videodiscos.
700 #1 - PUNTO DE ACCESO ADICIONAL--NOMBRE DE PERSONA
Nombre de persona Instituto nacional para sordos
Número Internacional Normalizado para Publicaciones Seriadas comp.
Existencias
Estado de retiro Estado de pérdida Fuente del sistema de clasificación o colocación Estado dañado No para préstamo Código de colección Localización permanente Ubicación/localización actual Fecha de adquisición Número de inventario Total de préstamos Signatura topográfica completa Código de barras Fecha visto por última vez Número de copia Precio válido a partir de Tipo de ítem Koha Nota pública
          Multimedia Biblioteca Pública San Juan Bosco Biblioteca Pública San Juan Bosco 20/01/2020 NT   C KAScu MOS005810 05/01/2021 v.1 ej.1 20/01/2020 DVD Tres días-Hemeroteca-Bib.Elec
          Multimedia Biblioteca Pública San Juan Bosco Biblioteca Pública San Juan Bosco 20/01/2020 NT   C KAScu MOS005811 05/01/2021 v.2 ej.1 20/01/2020 DVD Tres días-Hemeroteca-Bib.Elec

© Todos los derechos reservados para la Biblioteca Pública Municipal San Juan Bosco, 2020
Secretaria de Cultura de Mosquera
Carrera 3 N° 10 Esquina Centro Cultural Barrio El Carmén Teléfono: 8270830 Ext: 34
Funcionando con KOHA
Contacto: Biblioteca Pública Municipal San Juan Bosco/ bibliotecasanjuanbosco@mosquera-cundinamarca.gov.co
Mosquera, Cundinamarca